Malvér analýza kybernetických útokov

Salvato in:
Dettagli Bibliografici
Autore principale: Mihalovič, Martin (Autore)
Altri autori: Valach, Alexander (Relatore della tesi)
Natura: Manoscritto Libro
Lingua:slovacco
inglese
Pubblicazione: 2022
Soggetti:
Accesso online:http://is.stuba.sk/zp/portal_zp.pl?podrobnosti=148478
Tags: Aggiungi Tag
Nessun Tag, puoi essere il primo ad aggiungerne!!

MARC

LEADER 00000ntm a22000003a 4500
001 stuzp88139
003 SK-STU
005 20220625211206.7
007 ta
008 150427s2015----xo-----f-mn---000-0-slo-d
040 |a STU  |b slo 
041 0 |a eng 
100 1 |a Mihalovič, Martin  |u 070400  |4 aut  |U FIIT Fakulta informatiky a informačných technológií  |T FIIT Ústav počítačového inžinierstva a aplikovanej informatiky  |X 96969  |U I400  |Y 672  |7 96969 
242 0 1 |a Malvér analýza kybernetických útokov  |y slo 
245 1 0 |a Malvér analýza kybernetických útokov 
260 |c 2022 
650 4 |a Malvér analýza  |2 slo 
650 4 |a Reverzné inžinierstvo  |2 slo 
650 4 |a Binárne traity  |2 slo 
650 4 |a Malware analysis  |2 eng 
650 4 |a Binary traits  |2 eng 
650 4 |a Reverse engineering  |2 eng 
700 1 |a Valach, Alexander  |u 070400  |k Z3  |4 ths  |U FIIT Fakulta informatiky a informačných technológií  |T FIIT Ústav počítačového inžinierstva a aplikovanej informatiky  |X 79791  |U I400  |Y 672  |7 79791 
856 4 |u http://is.stuba.sk/zp/portal_zp.pl?podrobnosti=148478